000 00797nas a2200253 i 4500
001 173300
003 ES-MaACL
005 20250217134847.0
008 091125d1958198usp | | ||pa d
022 _a9934-954X
040 _cES-MaACL
245 0 0 _aAnuario español y americano del gran mundo.
260 _a[Madrid :
_bAnuario español y americano del gran mundo],
_c1958-
300 _a1 volumen (670 p., 25 h. de lám.) :
_bil. ;
_c27 cm.
310 _aAnual
362 0 _aAño 31 (1957/1958)-
651 4 _aEspaña-
_vDirectorios
_98188
780 0 0 _tAnuario español del gran mundo
852 _aES-MaACL
852 _aES-MaACL
866 0 _o1971 ; 1974-75
942 _2udc
_cPERIODICA
_n0
999 _c173300
_d173300